000 00693nam a2200241 a 4500
001 BRL_243
005 20190320210642.0
008 010713s1997----u--a######---#000-0#spa-#
020 _a0030951623
020 _a003095164X
041 _aspa
044 _au
050 4 _aPC4068.M4
_b.E53 1997
245 1 0 _aEncuentros.
260 _aEstados Unidos
_bHolt, Rinehart and Winston
_c1997
300 _a2 v.
_bil. a color
_c26 cm.
500 _av.1 Au311. v.2 Au312
505 0 _aContenido: v.1. Curso de introducción. -- v.2. Segundo curso
650 1 4 _aEspañol
_xEstudio y enseñanza (Primaria)
_923336
650 1 4 _aEspañol
_xLibros de lectura
_923337
902 _aGRL
942 _2lcc
_cB
999 _c9056
_d9056